Macías /

Kaydedildi:
Detaylı Bibliyografya
Yazar: Larra, Mariano José de (autor)
Diğer Yazarlar: Souto Alabarce, Arturo (prólogo) (prólogo)
Materyal Türü: Kitap
Dil:İspanyolca
Baskı/Yayın Bilgisi: México : Porrúa, 1984
Seri Bilgileri:(Sepan Cuántos ; 459)
Konular:
Etiketler: Etiketle
Etiket eklenmemiş, İlk siz ekleyin!

MARC

LEADER 00000nam^a2200000^a^4500
001 000023904
005 20250521000000.0
009 20260310084551.763
020 |a 968-452-002-6 
037 |a Acervo ITESO - Biblioteca 
041 |a ESP 
082 |a 082.  |b POR V. 459 
100 |a Larra, Mariano José de  |e (autor) 
245 1 0 |a Macías /  |c M.J. de Larra ; pról. de A. Souto Alabarce. 
264 1 |a México :  |b Porrúa,  |c 1984 
300 |a 259 p. 
336 |a texto  |b txt  |2 rdacontenido 
337 |a sin mediación  |b n  |2 rdamedio 
338 |a volumen  |b nc  |2 rdasoporte 
440 1 |a (Sepan Cuántos ;  |v 459) 
649 |a XX 
650 |a Teatro Español 
650 |a Literatura Española -  |y Siglo XIX 
740 3 |a El doncel de Don Enrique /  |c M.J. de Larra ; pról. de A. Souto Alabarce. 
740 3 |a El doliente /  |c M.J. de Larra ; pról. de A. Souto Alabarce. 
700 |a Souto Alabarce, Arturo  |e (prólogo) 
910 |a Fondo General 
920 |a Impresos - Libros 
930 |a Colección General 
940 |a Literatura 
905 |a 101 
901 |a 0239040100  |b IT1  |c LIT  |i 023904  |u 20250521 
902 |a https://opac.biblio.iteso.mx/vufind/Record/000023904